01610nam a2200265 i 4500003000500000005001700005008004100022020001800063040002000081050001200101082002000113100003700133245009600170264003700266300003300303336002100336337002500357338002300382505066900405650004501074700003801119942004301157952012701200999001701327CSPC20231122103128.0231114s2020 ph 000 0 eng d a9789712396816 cCSPCaCSPCbeng 4aKPM122004a344.599bUn311l1 aUngos, Paulino D., Jr.,eauthor.10aLabor law 2 :bthe law on labor relations /cPaulino D. Ungos Jr. and Paulino Q. Ungos III. 1aManila :bREX Book Store,c2020. axxxviii, 690 pages ;c24 cm. 2rdacontentatext 2rdamediaaunmediated 2rdacarrieravolume0 aBook V: Labor relations -- Title I: Policy and definitions -- Title II: National labor relations commission -- Title III: Bureau of labor relations -- Title IV: Unfair labor practices -- Title VII: Collective bargaining and administration of agreements -- Title VIII: Strikes and lockouts and foreign involvement in trade union activities -- Title IX: Special provisions -- Book VI: Post employment -- Title I: Terminaltion of employment -- Title II: Retirement from the service -- Book VII: Transitory and final provisions -- Title I: Penal provisions and liabilities -- Title II: Prescription of offenses and claims -- Title III: Transitory and final provisions. 0aLabor laws and legislationzPhilippines.1 aUngos, Paulino Q., III, eauthor. 2ddccBKn0h344.599iUn311lkFILm2020 00102ddc4070aCSPCbCSPCcFILd2023-11-14l0oFIL 344.599 Un311l 2020p026424r2023-11-14 00:00:00t1-1w2023-11-14yBK c26506d26506